SNL Feature Films - Statistics

General Stats
  • This quiz has been taken 626 times
  • The average score is 5 of 11
Answer Stats
Hint Answer % Correct
1980 The Blues Brothers
81%
1992 Wayne's World
80%
1993 Coneheads
62%
1998 A Night at the Roxbury
55%
1993 Wayne's World 2
53%
1999 Superstar
45%
1994 It's Pat: The Movie
41%
2010 MacGruber
39%
2000 The Ladies Man
39%
1998 Blues Brothers 2000
21%
1995 Stuart Saves His Family
18%
No matching quizzes found
Score Distribution
Percent of People with Each Score
Percentile by Number Answered
Your Score History
You have not taken this quiz